Welcome to CU Library Online Public Access Catalogue (OPAC)

Principles of management accounting (Record no. 3942)

MARC details
000 -LEADER
fixed length control field 00380nam a22001457a 4500
005 - DATE AND TIME OF LATEST TRANSACTION
control field 20250218130514.0
008 - FIXED-LENGTH DATA ELEMENTS--GENERAL INFORMATION
fixed length control field 250218b |||||||| |||| 00| 0 eng d
020 ## - INTERNATIONAL STANDARD BOOK NUMBER
International Standard Book Number 8170148979
050 ## - LIBRARY OF CONGRESS CALL NUMBER
Classification number HF5657
Item number .4 MAH
100 ## - MAIN ENTRY--PERSONAL NAME
Personal name Maheshwari
245 ## - TITLE STATEMENT
Title Principles of management accounting
260 ## - PUBLICATION, DISTRIBUTION, ETC.
Place of publication, distribution, etc. New Delhi
Name of publisher, distributor, etc. Sultan Chand and Sons
Date of publication, distribution, etc. c2003
300 ## - PHYSICAL DESCRIPTION
Extent xiv,377p
942 ## - ADDED ENTRY ELEMENTS (KOHA)
Source of classification or shelving scheme Library of Congress Classification
Koha item type Books
Suppress in OPAC No
999 ## -
-- 3942
-- 3942
Holdings
Withdrawn status Lost status Source of classification or shelving scheme Damaged status Not for loan Collection Home library Current library Shelving location Date acquired Total checkouts Full call number Barcode Date last seen Copy number Price effective from Koha item type
    Library of Congress Classification     Non-fiction Undergraduate Library (Christ Temple) Undergraduate Library (Christ Temple) General stacks 02/18/2025   HF5657.4 MAH ulct00001266 02/18/2025 1 02/18/2025 Books
    Library of Congress Classification     Non-fiction Undergraduate Library (Christ Temple) Undergraduate Library (Christ Temple) General stacks 02/18/2025   HF5657.4 MAH ulct00001267 02/18/2025 2 02/18/2025 Books
    Library of Congress Classification     Non-fiction Undergraduate Library (Christ Temple) Undergraduate Library (Christ Temple) General stacks 02/18/2025   HF5657.4 MAH ulct00001268 02/18/2025 3 02/18/2025 Books
© 2023-2024 Copyright: Central University Libraries. All Rights Reserved | Created by: Mahone Tech Office